000
00280nam a22001097a 4500
082
_a
294/LAL
100
_a
Lalye, P.G.
_9
16646
245
_a
Curses And Boons In The Valmiki Ramayana
260
_a
Delhi
_b
Bharatiya Kala Prakashan
_c
2018
650
_a
Hindu Religion
_9
350
942
_c
BK
999
_c
65584
_d
65584